000 00582nam a2200181Ia 4500
003 GCL
008 140319s9999 xx 000 0 ara d
040 _aGCL /
_cGCL
082 0 4 _a811.6
_bا م
100 1 _aابراهيم بن مراد
245 1 0 _aمختارات من الشعر المغربى والاندلسى لم يسبق نشرها /
_cابراهيم بن مراد
260 _a[S.N] :
_bدار العربية للعلوم ،
_c1986
300 _a310 ص
490 _a
650 0 4 _aالشعر العربى
650 0 4 _aدواوين وقصائد
942 _2ddc
_cBK
999 _c51698
_d51698